| 000 | 00720nam a22001937a 4500 | ||
|---|---|---|---|
| 999 |
_c8153 _d8153 |
||
| 003 | AR-CdUCM | ||
| 008 | 190322b ||||| |||| 00| 0 spa d | ||
| 040 |
_aMUNICIPALIDAD PROVINCIAL DEL CUSCO _cBIBLIOTECA MUNICIPAL DEL CUSCO |
||
| 082 |
_a691.9 / _bL36 |
||
| 100 |
_aLedo Ories, José M. _923010 |
||
| 245 | _aAndamios, apeos y entibaciones / | ||
| 260 |
_aBarcelona : _bCeac, _c1965. |
||
| 300 |
_a169 páginas ; _bIlustraciones, _c22 cm. |
||
| 505 | _aAndamios y su construcción -- El andamio como medio auxiliar de la construcción -- Elementos auxiliares de los andamios -- Andamio de madera ... | ||
| 650 |
_aSistema de construcción _923011 |
||
| 650 |
_aAndamios _923012 |
||
| 942 |
_2ddc _cLIBROS |
||
| 945 | _aacv | ||